[Event "HokkaidoChessCh2023"]
[Site "?"]
[Date "2023.03.25"]
[Round "3.2"]
[White "Kawamura, Takuto"]
[Black "Yoshii, Yukihiko"]
[Result "1-0"]
[WhiteElo "1554"]
[BlackElo "1699"]
[Annotator "Fritz 11 SE (30s)"]
[PlyCount "75"]
[SourceDate "2023.03.26"]

{E08: Closed Catalan: Main Line: 7 Qc2} 1. d4 d5 2. c4 e6 3. Nf3 Nf6 4. g3 Be7
5. Bg2 c6 6. Qc2 (6. O-O Nbd7 7. Qc2 b6 (7... Ne4 8. Nc3 f5 9. b3 g5 10. Bb2 h5
11. Ne1 h4 12. Nxe4 dxe4 13. d5 e5 14. dxc6 bxc6 15. Bxe4 fxe4 16. Qxe4 Rh6 17.
Nf3 hxg3 18. hxg3 Qc7 19. Rfd1 Bb7 20. Qg4 c5 21. e4 Qc6 22. Re1 {Voiska,M 
(2314)-Raeva,E (2215) Vratsa 2007 0-1 (57)}) 8. Rd1 Ba6 9. b3 Rc8 10. Nbd2 c5
11. e4 cxd4 12. exd5 exd5 13. Nxd4 O-O 14. Nf1 b5 15. Ne3 bxc4 16. Nxd5 Nxd5
17. Bxd5 cxb3 18. Qxb3 Nc5 19. Qf3 Bf6 20. Rb1 Bd3 {Harikrishna,P (2665)
-Vocaturo,D (2545) Wijk aan Zee 2012 1-0}) 6... h6 $146 {Consolidates g5} (6...
O-O 7. Nbd2 Na6 8. O-O Bd7 9. e4 dxc4 10. Nxc4 c5 11. dxc5 Nxc5 12. Nfe5 b5 13.
Nxd7 Nfxd7 14. Ne3 Rc8 15. Rd1 Qb6 16. Qe2 Ne5 17. Ng4 Nxg4 18. Qxg4 Na4 19.
Be3 Bc5 20. Bxc5 Qxc5 21. Qe2 {Bereolos,P (2314)-Pasalic,M (2401) ICC INT 2008
1/2-1/2 (64)}) (6... Nbd7 7. Nbd2 b6 8. e4 O-O 9. e5 Ne8 10. h4 h6 11. O-O Ba6
12. Re1 Rc8 13. b3 c5 14. dxc5 Bxc5 15. Qd1 Nc7 16. a3 dxc4 17. Nxc4 Nb8 18.
Nd6 Bxd6 19. exd6 Nd5 20. Bb2 Rc6 21. Qd4 {Ghaem Maghami,E (2609)-Xu,Y (2463)
Al Ain 2015 1/2-1/2 (40)}) 7. O-O O-O 8. Nbd2 Nbd7 9. b3 Bd6 (9... b5 10. Re1
$11) 10. Bb2 Re8 11. Ne5 Nh7 $2 (11... c5 $142 $14 {and Black is still in the
game}) 12. Nxf7 $1 $18 {Deflection: h7} Kxf7 13. Qxh7 Nf6 14. Qd3 Kg8 15. e4
dxe4 16. Nxe4 Be7 (16... Nxe4 17. Bxe4 Bd7 18. f4 $18) 17. Rad1 Rf8 18. Bc3 Qc7
19. Rfe1 Bd7 (19... Nxe4 20. Rxe4 Bf6 21. Rde1 $18) 20. Bh3 (20. Nc5 {might be
the shorter path} Bxc5 21. dxc5 Rad8 $18) 20... Rae8 (20... b6 $18) 21. Bg2 Qc8
$4 {Black lets it slip away} (21... Ra8 22. Nc5 Bxc5 23. dxc5 Rad8 $18) 22. Nd2
(22. Nc5 {and White can already relax} Bxc5 23. dxc5 Re7 $18) 22... Bd8 (22...
Bd6 23. Nf3 $18) 23. Nf3 Bc7 24. Ne5 Bxe5 (24... a5 $18 {praying for a miracle}
) 25. dxe5 Ng4 (25... Nd5 {does not help much} 26. cxd5 exd5 27. Qd4 $18) 26.
f3 (26. Qxd7 {might be the shorter path} h5 $18) 26... Nxe5 (26... Nxh2 {
is no salvation} 27. Kxh2 Re7 28. Bb4 $18) 27. Bxe5 Rd8 (27... Rf7 $18 {
otherwise it's curtains at once}) 28. Qg6 Rf7 29. Bh3 Re8 30. c5 (30. Re4 $142
{and White has it in the bag} Qd8 31. Rf4 Qe7 $18) 30... Ree7 31. f4 Be8 (31...
b6 {doesn't change anything anymore} 32. Bg4 $18) 32. Qe4 Bd7 33. Bd6 Re8 34.
Bg4 (34. Bf1 $142 {makes it even easier for White} e5 35. Bc4 Bf5 36. Bxf7+
Kxf7 $18) 34... Rf6 (34... e5 {does not solve anything} 35. Bh5 Bf5 36. Bxf7+
Kxf7 37. Qa4 $18) 35. Be5 Ref8 (35... Rf7 {there is nothing better in the
position} 36. Bh5 Ref8 37. Bxf7+ Rxf7 $18) 36. Bxf6 Rxf6 37. Rxd7 $1 {Decoy: f7
} Qxd7 38. Bxe6+ (38. Bxe6+ Rxe6 39. Qxe6+ Qxe6 40. Rxe6 $18) 1-0

[Event "HokkaidoChessCh2023"]
[Site "?"]
[Date "2023.03.25"]
[Round "3.3"]
[White "Kihara, Kotaro"]
[Black "Akai, Kiyotaka"]
[Result "0-1"]
[WhiteElo "1351"]
[BlackElo "1705"]
[Annotator "Fritz 11 SE (30s)"]
[PlyCount "80"]
[SourceDate "2023.03.26"]

{D40: Queen's Gambit Declined: Semi-Tarrasch with 5 e3} 1. d4 d5 2. c4 e6 3.
Nc3 c5 4. Nf3 Nc6 5. e3 (5. Bf4 dxc4 6. dxc5 Qa5 $14) 5... Nf6 $11 6. Bd3 Be7
7. dxc5 Bxc5 8. O-O O-O 9. a3 {Covers b4} a5 10. Qb3 d4 {Black threatens to
win material: d4xc3} 11. Na4 {White threatens to win material: Na4xc5} Ba7 12.
exd4 Nxd4 13. Nxd4 Bxd4 14. Bg5 (14. Be3 Bxe3 15. fxe3 e5 $14) 14... h6 15. Bh4
Bd7 16. Bxf6 (16. Rad1 $5 Bc6 17. Nc3 $11) 16... Bxa4 ({Not} 16... gxf6 17.
Rad1 f5 18. c5 Bxa4 19. Qxa4 $11) 17. Qxa4 Qxf6 18. Qb3 b6 19. Rab1 Rad8 20.
Be4 Qf4 {Black threatens to win material: Qf4xe4} 21. Bf3 (21. Qf3 Qc7 $15)
21... Bc5 22. Rbd1 Rd2 23. g3 {White threatens to win material: g3xf4} Qd6 24.
Qa4 Rd8 25. b4 (25. Rxd2 Qxd2 26. b4 axb4 27. axb4 Qxb4 (27... Bxb4 $2 28. Rd1
Qg5 29. Qxb4 $18) 28. Qxb4 Bxb4 $15) 25... axb4 (25... Bxf2+ 26. Rxf2 Rxd1+ 27.
Bxd1 Qxd1+ 28. Qxd1 Rxd1+ 29. Kg2 axb4 30. axb4 $19) 26. axb4 (26. Rxd2 Qxd2
27. axb4 Qxb4 (27... Bxb4 $2 28. Rd1 Qg5 29. Rxd8+ Qxd8 30. Qxb4 $18) 28. Qxb4
Bxb4 $15) 26... Bxb4 (26... Bxf2+ $142 $5 27. Kg2 Be1+ 28. Rxd2 Qxd2+ (28...
Bxd2 $6 29. Rd1 $15) 29. Kh3 Qxb4 30. Qxb4 Bxb4 $19) 27. Rxd2 $15 Bxd2 (27...
Qxd2 $2 28. Rd1 Qg5 29. Rxd8+ Qxd8 30. Qxb4 $18) 28. Rd1 Qc7 29. Qc2 (29. Qc6
Qxc6 30. Bxc6 Rd6 $11) 29... Bg5 30. Ra1 (30. h4 Rxd1+ 31. Qxd1 Be7 $17) 30...
g6 31. Ra6 Rd2 {Black threatens to win material: Rd2xc2} 32. Ra8+ Rd8 33. Ra6
Bf6 34. Ra3 Kg7 35. Rd3 (35. Ra8 $5 $17) 35... Rc8 $19 36. Rb3 Bd4 37. Rb4 (37.
Be2 $142 $19) 37... Qc5 38. Ra4 (38. Qb3 $19) 38... Rc7 (38... b5 {and Black
can already relax} 39. Ra8 Rxa8 40. Bxa8 bxc4 41. Kg2 $19) 39. Kg2 $2 (39. Qe2
$142 $17) 39... b5 $19 40. Ra5 Qxc4 (40... Qxc4 41. Qxc4 bxc4 $19) 0-1

[Event "HokkaidoChessCh2023"]
[Site "?"]
[Date "2023.03.25"]
[Round "3.4"]
[White "Al Jabarat, Thamer"]
[Black "Takeuchi, Hiroshi"]
[Result "0-1"]
[WhiteElo "1418"]
[BlackElo "1309"]
[Annotator "Fritz 11 SE (30s)"]
[PlyCount "102"]
[SourceDate "2023.03.26"]

{A45: Trompowsky Attack} 1. d4 Nf6 2. Nc3 d6 (2... g6 3. Bf4 d6 4. Qd2 c6 5. e4
Qa5 6. h3 Nbd7 7. Nf3 e5 8. Be3 Bg7 9. Bd3 O-O 10. O-O Re8 11. Rfe1 b5 12. a3
a6 13. dxe5 dxe5 14. Rad1 {1/2-1/2 (14) Berov,A (2490)-Gipslis,A (2450)
Dortmund 1998}) (2... a6 3. e4 d6 4. Bg5 c6 5. f4 Qa5 6. Bd3 h6 7. Bxf6 gxf6 8.
f5 e5 9. d5 Nd7 10. a3 h5 11. Qf3 Bh6 12. Qf2 Ke7 {1/2-1/2 (12) Dobos,J (2272)
-Istvanovszky,K (2266) Hungary 2013}) 3. b3 $146 (3. g3 Nbd7 4. Bg2 e5 (4... c6
5. a4 e5 6. Nf3 Be7 7. O-O O-O 8. d5 cxd5 9. Nxd5 Nxd5 10. Qxd5 Nc5 11. Be3 Be6
12. Qd2 f6 13. Nh4 d5 14. Bxc5 Bxc5 15. Rfd1 e4 16. Nf5 Qd7 17. b4 Bb6 18. Nd4
Rad8 19. a5 {Domont,A (2377)-Kurmann,O (2431) Leukerbad 2011 1/2-1/2}) 5. e4 g6
6. Nge2 Bg7 7. O-O exd4 8. Nxd4 O-O 9. Bg5 h6 10. Bc1 Re8 11. f3 d5 12. exd5
Nb6 13. Re1 Rxe1+ 14. Qxe1 Nfxd5 15. Nde2 Nb4 16. Bf4 Nxc2 17. Rd1 Bd4+ {
Boguszlavszkij,J (2254)-Takacs,B (2346) Zalakaros 2010 1/2-1/2 (60)}) (3. e4 $5
$14 {is an interesting idea}) 3... g6 $11 4. Bb2 Bg7 5. Nf3 O-O 6. e3 c6 {
Secures b5} 7. Bd3 Qc7 8. h4 (8. O-O Na6 $11) 8... Bg4 9. Qd2 Nbd7 10. Nh2 Be6
11. f3 {Controls e4+g4} (11. Nf3 $5 $11) 11... c5 $15 12. O-O-O c4 {Black
threatens to win material: c4xd3} 13. Be2 cxb3 14. axb3 Nb6 15. e4 {[%cal
Yd4d5] White prepares the advance d5} a5 16. d5 {This push gains space} (16.
Nb5 $5 {is worth consideration} Qd8 17. d5 $15) 16... Bd7 $17 {[%cal Ya5a4]
Black prepares the advance a4} 17. Ng4 $2 (17. e5 $142 $5 dxe5 18. d6 exd6 19.
Qxd6 $17) 17... Nxg4 $19 18. fxg4 a4 19. bxa4 $2 (19. h5 a3 20. Ba1 a2 $19)
19... Nxa4 (19... Rfc8 20. Rh3 Nxa4 21. Nxa4 Bxb2+ 22. Kxb2 Bxa4 23. Rc3 Qb6+
24. Kc1 Bxc2 25. Rxc8+ Rxc8 26. Qxc2 Qe3+ 27. Rd2 Rxc2+ 28. Kxc2 Qxe4+ 29. Kb2
Qxg2 30. h5 $19) 20. Nxa4 Bxb2+ (20... Bxa4 $6 21. Bxg7 Kxg7 22. Qd4+ f6 23.
Kd2 $17) 21. Kxb2 Rxa4 22. Rb1 Rfa8 23. Bf3 (23. Rh3 {the only chance to get
some counterplay} Rxe4 24. Rb3 Bxg4 25. Bd3 $19) 23... Ra2+ (23... Qb6+ 24. Kc1
Ra1 25. Qc3 Qxb1+ 26. Kd2 Qxh1 27. Qc6 bxc6 28. Kd3 R8a3+ 29. c3 Qe1 30. g5
Rxc3+ 31. Kd4 Ra4#) 24. Kc1 Ba4 (24... Qc5 $142 {and Black has triumphed} 25.
Kd1 Ra1 $19) 25. Bd1 Rc8 (25... Qc5 $142 {and Black can celebrate victory} 26.
Rh3 Bxc2 27. Bxc2 Rc8 $19) 26. Rb2 Rxb2 27. Kxb2 Bd7 (27... Qb6+ 28. Kc1 Rc4
29. Qd3 $19) 28. h5 (28. Rh3 $5 $17) 28... Qb6+ $19 29. Kc1 Ra8 (29... Qa6 30.
Kb1 Qb5+ 31. Kc1 $19) 30. Qc3 $17 g5 31. Rh3 $2 (31. h6 f6 $17) 31... f6 (31...
Qg1 $142 $5 32. Rg3 f6 $19) 32. Rd3 $17 Rc8 (32... Qf2 33. Qc7 Qf4+ 34. Kb1 $17
) 33. Qd4 Qa5 34. Bf3 (34. Qe3 Rc4 $17) 34... Bb5 35. Rb3 Rc4 36. Rxb5 $4 {
strolling merrily down the path to disaster} (36. Qd3 Rc5 37. Qd2 Qa1+ 38. Rb1
Qa3+ 39. Kd1 Rxc2 40. Kxc2 (40. Qxc2 $4 Ba4 41. Kd2 Bxc2 42. Kxc2 Qc5+ 43. Kb2
b5 $19) 40... Ba4+ 41. Rb3 Qxb3+ 42. Kc1 $19) 36... Qxb5 $19 (36... Rxd4 $4 {
Black will regret his greed} 37. Rxa5 Rb4 38. Kd2 $18) 37. Qd3 (37. Be2 {
is not much help} Rxd4 38. Bxb5 Rxe4 $19) 37... Qa4 (37... Qc5 $142 {makes it
even easier for Black} 38. e5 fxe5 $19) 38. Kd2 (38. c3 $19 {desperation})
38... Rd4 39. Be2 Rxd3+ 40. Bxd3 (40. Kxd3 {does not save the day} b5 $19)
40... Qa1 41. c4 Qb2+ 42. Ke3 Qxg2 (42... Qc1+ $142 {seems even better} 43. Ke2
Qf4 44. Bc2 $19) 43. Kd4 Qxg4 44. c5 Qg1+ 45. Kc4 (45. Kc3 {doesn't get the
bull off the ice} Qxc5+ 46. Kd2 g4 47. Kd1 Qf2 48. Kc1 g3 49. e5 g2 50. Bc2
g1=Q+ 51. Kb2 Qd1 52. exd6 Qdxc2+ 53. Ka3 Qfc5#) 45... Qxc5+ 46. Kb3 g4 47. e5
(47. Bf1 {hardly improves anything} Qe3+ 48. Kc2 Qf2+ 49. Kd3 Qxf1+ 50. Kd2 g3
51. Kc2 Qc4+ 52. Kd2 g2 53. Ke3 g1=Q+ 54. Kf4 Qcf1#) 47... g3 48. e6 (48. exf6
{is not the saving move} exf6 49. h6 g2 50. Be2 g1=Q 51. Bf1 Qg3+ 52. Kb2 Qga3+
53. Kb1 Qcc1#) 48... g2 49. h6 (49. Ka4 {a fruitless try to alter the course
of the game} g1=Q 50. Bxh7+ Kxh7 51. Kb3 Qgf2 52. h6 Qfc2#) 49... g1=Q 50. Ka4
(50. Bf5 {is no salvation} Qd1+ 51. Ka2 Qa5+ 52. Kb2 Qaa1#) 50... Qa1+ 51. Kb3
Qaa3# 0-1

[Event "HokkaidoChessCh2023"]
[Site "?"]
[Date "2023.03.25"]
[Round "3.5"]
[White "Nishimori, Toshiyuki"]
[Black "Furuse, Mizuki"]
[Result "1-0"]
[WhiteElo "1585"]
[BlackElo "922"]
[Annotator "Fritz 11 SE (30s)"]
[PlyCount "129"]
[SourceDate "2023.03.26"]

{B18: Classical Caro-Kann: 4...Bf5 sidelines} 1. e4 c6 2. d4 d5 3. Nc3 dxe4 4.
Nxe4 Bf5 5. Nc5 e6 $146 (5... Qc8 6. Nf3 (6. Bd3 Bg4 7. Be2 Bxe2 8. Qxe2 Nf6 9.
Nf3 Nbd7 10. Nd3 e6 11. O-O Be7 12. c4 O-O 13. Bf4 a5 14. Rac1 Qd8 15. Rfd1 Qb6
16. h3 h6 17. Nde5 Rfd8 18. Rc3 Nxe5 19. Bxe5 Rd7 20. Rcd3 Qa6 {Motwani,P 
(2455)-Grant,J (2245) Scotland 1992 1-0 (32)}) 6... Nf6 (6... e6 7. Ne5 b6 8.
Ncd3 Nf6 9. g4 Be4 10. f3 Bxd3 11. Bxd3 Nbd7 12. Qe2 Nxe5 13. dxe5 Nd7 14. c3
Qc7 15. f4 Be7 16. h4 b5 17. Bd2 Rb8 18. g5 a5 19. h5 a4 20. Rd1 b4 21. c4 {
Peters,J (2430)-Lein,A (2505) Hastings 1978 0-1 (40)}) 7. c3 (7. Bd3 Bg4 8. h3
Bh5 9. Bf4 Nbd7 10. Nb3 e6 11. c3 Be7 12. Qe2 Nd5 13. Bh2 Qd8 14. c4 Nb4 15.
Bb1 b5 16. cxb5 cxb5 17. Qxb5 Bxf3 18. gxf3 O-O 19. Nc5 Nxc5 20. dxc5 Qd4 21.
c6 a6 {Ermenkov,E (2520)-Bagirov,V (2505) Titovo Uzice 1978 1/2-1/2 (43)}) 7...
Nbd7 8. Nxd7 Nxd7 9. Bc4 e6 10. O-O Bd6 11. Re1 Qc7 12. h3 O-O 13. Nh4 Bg6 14.
Nxg6 hxg6 15. Qg4 Nf6 16. Qf3 Nd5 17. Bb3 b5 18. Bd2 Be7 19. Re2 Bf6 20. g3 {
Barczay,L (2445)-Dely,P (2445) Kecskemet 1975 1/2-1/2 (38)}) (5... e5 6. Nxb7
Qb6 7. Nc5 exd4 8. Nb3 Bb4+ 9. Bd2 Bxd2+ 10. Qxd2 c5 11. c3 Nc6 12. Nf3 Nf6 13.
Qg5 Ne7 14. Bc4 Be6 15. Bxe6 Qxe6+ 16. Qe5 Qxe5+ 17. Nxe5 dxc3 18. bxc3 Ng6 19.
Nxg6 {1/2-1/2 (19) Smagin,S (2520)-Lobron,E (2545) Paris 1990}) (5... e5 6. Nb3
Nf6 7. dxe5 Qxd1+ 8. Kxd1 $11) 6. Nxb7 Qb6 7. Nc5 Bxc5 8. dxc5 Qxc5 9. c3 Nf6
10. Be3 Qe5 11. Nf3 {White threatens to win material: Nf3xe5} Qc7 12. Bd3 Bxd3
13. Qxd3 {Black king safety dropped} O-O {Black castles and improves king
safety} 14. O-O Nbd7 15. h3 {Prevents intrusion on g4} Rad8 16. Qc2 Ne5 (16...
e5 $5 $11 {should not be overlooked}) 17. Nxe5 $16 Qxe5 18. Bd4 (18. Bxa7 c5
19. b4 cxb4 20. cxb4 Rd7 $16) 18... Qe4 (18... Qc7 $5 $14) 19. Qxe4 $16 Nxe4
20. Rfe1 {White threatens to win material: Re1xe4} Nd6 $2 (20... c5 $142 $5 {
might be a viable alternative} 21. Rxe4 cxd4 22. cxd4 Rb8 $14) 21. Bxa7 $16 Rd7
(21... Rfe8 $16) 22. Bc5 $18 Rfd8 23. Rad1 Nf5 $2 (23... Ne8 24. Rxd7 Rxd7 $18)
24. Rxd7 Rxd7 25. Re2 (25. a4 $142 {keeps an even firmer grip} Ne7 $18) 25...
Rd5 26. Bb4 (26. b4 Rd3 27. c4 g5 $18) 26... c5 (26... Rd1+ 27. Kh2 Ra1 28. b3
$18) 27. Ba3 (27. c4 Rd1+ 28. Re1 Rxe1+ 29. Bxe1 Kf8 $18) 27... Nd6 $16 28. b3
c4 $2 (28... h6 $142 $16) 29. Bxd6 $18 Rxd6 30. bxc4 (30. b4 {and White can
already relax} Kf8 31. a4 Rd1+ 32. Kh2 Ra1 $18) 30... Rd3 $2 (30... Rd1+ $5 31.
Kh2 Rc1 $16) 31. Rb2 (31. Rc2 Rd1+ 32. Kh2 Kf8 $18) 31... h6 (31... Kf8 32. Rc2
Rd1+ 33. Kh2 $18) 32. Rb3 Rd6 (32... Kf8 33. c5 $18) 33. a4 (33. Rb8+ {might
be the shorter path} Kh7 $18) 33... Ra6 $2 (33... Rd1+ 34. Kh2 Ra1 35. Rb8+ Kh7
36. Rb4 $18) 34. Rb4 (34. Rb8+ {makes it even easier for White} Kh7 35. Rb4 Kg6
$18) 34... Rd6 (34... Kf8 {cannot change what is in store for White} 35. Kf1
$18) 35. a5 Rd1+ (35... Kf8 {doesn't do any good} 36. Kh2 $18) 36. Kh2 Ra1 37.
Rb5 (37. Rb8+ $142 {keeps an even firmer grip} Kh7 38. Ra8 $18) 37... Rc1 (
37... Kf8 {is the last straw} 38. c5 Ke7 $18) 38. a6 (38. c5 $142 {seems even
better} f5 39. Rb8+ Kf7 $18) 38... Ra1 39. Rb6 (39. Rb8+ $142 {ends the debate}
Kh7 40. Ra8 Kg6 $18) 39... Kf8 40. c5 (40. Rb8+ $142 {and White can already
relax} Ke7 41. Rb7+ Kd6 42. a7 $18) 40... Ke7 (40... Ke8 $18 {no good, but
what else?}) 41. Rb7+ Kf6 42. a7 Ke5 (42... e5 {is not much help} 43. c6 Ke6
44. Rxf7 Kxf7 45. c7 $18) 43. c6 (43. Rd7 $142 {and the result of the game is
clear: White will win} g5 $18) 43... Kd6 44. c7 Kd7 45. Rb8 Kxc7 46. a8=Q Rxa8
47. Rxa8 Kc6 (47... Kb6 {doesn't improve anything} 48. Kg3 $18) 48. Ra7 Kb6 (
48... f5 {doesn't change anything anymore} 49. Rxg7 Kd5 50. Rh7 $18) 49. Rxf7
Kc5 50. Rxg7 Kc4 51. Rg6 Kxc3 52. Rxe6 Kd4 (52... Kb3 {does not solve anything}
53. f4 Kc4 54. f5 Kd5 55. Re8 h5 56. f6 Kc5 57. f7 Kc4 58. f8=Q Kd4 59. Qf4+
Kc5 60. Re5+ Kc6 61. Qf6+ Kc7 62. Re7+ Kc8 63. Qf8#) 53. f4 Kd5 (53... Kc4 {
doesn't get the cat off the tree} 54. f5 h5 55. f6 Kd5 56. Re8 h4 57. f7 Kc5
58. f8=Q+ Kc6 59. Qf5 Kc7 60. Qf6 Kd7 61. Re7+ Kc8 62. Qf8#) 54. f5 h5 55. g4
hxg4 (55... h4 {doesn't improve anything} 56. g5 Kd4 57. g6 Kc5 58. g7 Kb4 59.
g8=Q Kc5 60. f6 Kb5 61. Qc8 Ka5 62. Qb7 Ka4 63. Ra6#) 56. hxg4 Kd4 (56... Kc4 {
does not win a prize} 57. g5 Kb5 58. g6 Kc4 59. g7 Kc5 60. g8=Q Kd4 61. Rd6+
Kc5 62. Qb8 Kc4 63. Qc7+ Kb3 64. Rb6+ Ka4 65. Qa7#) 57. g5 Kd5 (57... Kc4 {
doesn't change the outcome of the game} 58. g6 Kd4 59. g7 Kc5 60. g8=Q Kd4 61.
Rd6+ Kc3 62. Qc8+ Kb2 63. Rb6+ Ka3 64. Qa8#) 58. g6 Kd4 (58... Kc5 {does not
help much} 59. g7 Kc4 60. g8=Q Kd4 61. Rd6+ Ke5 62. Qg6 Ke4 63. Kg3 Ke5 64.
Qe6#) 59. g7 Kd5 (59... Kc5 {doesn't do any good} 60. g8=Q Kd4 61. Rd6+ Kc5 62.
Qb8 Kc4 63. Qc7+ Kb4 64. Rb6+ Ka4 65. Qa7#) 60. g8=Q Kd4 (60... Kc4 {cannot
change destiny} 61. Qc8+ Kd4 62. Qd7+ Kc4 63. Rc6+ Kb3 64. Qb7+ Ka4 65. Ra6#)
61. Qd8+ Kc5 62. Re1 Kb5 (62... Kc6 {cannot undo what has already been done}
63. Rc1+ Kb7 64. Qd6 Ka8 65. Rc7 Kb8 66. Qd8#) 63. Rc1 Kb4 (63... Ka4 {does
not improve anything} 64. Rb1 Ka3 65. Qa5#) 64. Qb8+ Ka5 (64... Ka4 {cannot
change what is in store for White} 65. Ra1#) 65. Ra1# 1-0

[Event "HokkaidoChessCh2023"]
[Site "?"]
[Date "2023.03.25"]
[Round "3.6"]
[White "Ito, Katsuhide"]
[Black "Matsumoto, Kenshin"]
[Result "0-1"]
[WhiteElo "1233"]
[BlackElo "1413"]
[Annotator "Fritz 11 SE (30s)"]
[PlyCount "72"]
[SourceDate "2023.03.26"]

{C15: French: 3 Nc3 Bb4: Unusual White 4th moves} 1. e4 e6 2. d4 d5 3. Nc3 Bb4
4. Bd2 Nf6 5. e5 Nfd7 (5... Bxc3 6. bxc3 Ne4 7. Qg4 Kf8 8. Bd3 Nxd2 9. Kxd2 c5
10. h4 c4 11. Be2 Nc6 12. Nh3 f5 13. Qf3 Qa5 14. Qe3 b5 15. a3 Ke8 16. Nf4 Rb8
17. Nh5 Rb7 18. g4 fxg4 19. Rhg1 Rf8 20. Rxg4 {Romero Holmes,A (2460)-Pomes
Marcet,J (2420) Terrassa 1990 0-1}) 6. Nf3 $146 (6. Qg4 g6 (6... Kf8 7. Nf3 a6
(7... c5 8. a3 Bxc3 9. Bxc3 Nc6 10. dxc5 Nxc5 11. Bd3 Nxd3+ 12. cxd3 Kg8 13. h4
h5 14. Qf4 Ne7 15. Rh3 Nf5 16. Nd4 Rh6 17. Nxf5 exf5 18. Rg3 Rg6 19. Rxg6 fxg6
20. Kf1 Be6 21. Qb4 b6 22. a4 {Nikac,P (2355)-Mehmeti,D (2419) Bar 2008 1/2-1/
2 (62)}) 8. Bd3 c5 9. dxc5 Bxc5 10. O-O-O Nc6 11. Qg3 Be7 12. Rhe1 Nc5 13. Bf1
Bd7 14. Kb1 Rc8 15. Qf4 b5 16. Be3 h6 17. h4 b4 18. Ne2 a5 19. g4 a4 20. g5 Ne4
21. Ng3 {Lacina,A (2197)-Matras,O (2224) Czechia 2014 1-0}) (6... Bf8 7. Nf3 c5
8. dxc5 Nc6 9. Nb5 Nxc5 10. Nd6+ Bxd6 11. Qxg7 Rf8 12. exd6 Qxd6 13. Bh6 Nd7
14. O-O-O Ne7 15. Qxh7 Rg8 16. g3 e5 17. Bb5 Qf6 18. Nxe5 Rh8 19. Ng4 Qxh6+ 20.
Qxh6 {1-0 (20) Kislinsky,A (2454)-Goncharov,O (2193) Kiev 2006}) 7. h4 h5 8.
Qg3 b6 9. Bd3 Nf8 10. Nf3 Qd7 11. Ng5 Ba6 12. Rh3 Bxd3 13. Qxd3 Nh7 14. O-O-O
Nc6 15. Rf3 Nxg5 16. Bxg5 Be7 17. Bf6 Bxf6 18. exf6 Na5 19. Re1 O-O-O 20. b3
Kb8 {Wadsack,W (2162)-Zetthofer,G (2258) Austria 2003 1/2-1/2}) (6. Qg4 $142 $5
O-O 7. Bh6 $16) 6... c5 $11 {Attacks the pawn chain} 7. a3 Bxc3 {Black forks:
b2+d4} 8. Bxc3 {White has the pair of bishops} Nc6 9. Bb5 cxd4 10. Bxd4 $4 {
releasing the pressure on the opponent} (10. Nxd4 $142 {was much better} Qb6
11. a4 $11) 10... Qa5+ $19 11. b4 Qxb5 12. c3 (12. Bc3 {hardly improves
anything} Qa4 $19) 12... Nxd4 13. Nxd4 (13. cxd4 {cannot undo what has already
been done} Nb6 $19) 13... Qc4 14. Ne2 (14. f4 {is not the saving move} f6 15.
Nxe6 Kf7 $19) 14... Nxe5 15. O-O Bd7 16. Qd4 Qxe2 17. Rae1 Nf3+ $1 {a
brilliant end} 18. gxf3 Qxf3 19. Re3 Qh5 20. Qxg7 Qg6+ 21. Rg3 (21. Qxg6 {
does not win a prize} hxg6 22. Kg2 Ke7 $19) 21... Qxg7 22. Rxg7 Kf8 23. Rg3 Rg8
24. Kh1 (24. Rxg8+ {doesn't change anything anymore} Kxg8 25. Re1 Kg7 $19)
24... Rxg3 25. fxg3 (25. hxg3 {does not save the day} Rc8 $19) 25... Rc8 26.
Rc1 (26. a4 {doesn't change the outcome of the game} Rxc3 27. Kg2 d4 $19) 26...
Bb5 (26... d4 {makes it even easier for Black} 27. Kg1 Rxc3 28. Rd1 $19) 27.
Kg2 (27. a4 {doesn't get the bull off the ice} Bd3 $19) 27... d4 $1 {
Deflection: c3} 28. c4 (28. cxd4 Rc4 {Decoy Double attack} (28... Rxc1 {
Deflection Pinning})) 28... Bxc4 29. Kf2 e5 30. Ke1 (30. Re1 {does not improve
anything} f6 31. Rc1 e4 $19) 30... d3 (30... Be6 $142 $5 {seems even better}
31. Rxc8+ Bxc8 32. a4 $19) 31. Kd2 e4 32. Ke3 f5 33. Kd4 (33. a4 {cannot
change destiny} Rd8 34. Rd1 Bb3 $19) 33... b5 (33... d2 34. Ra1 Rd8+ 35. Ke3
Rd3+ 36. Kf4 e3 37. Kf3 Rc3 38. Kf4 e2 39. Kg5 e1=Q 40. Kxf5 Be6+ 41. Kf6 Rf3+
42. Kg5 Qe5+ 43. Kh4 h6 44. Rc1 Qg5#) 34. Ra1 (34. Ke3 {is still a small chance
} Ke7 35. Rf1 $19) 34... Rd8+ 35. Kc3 e3 36. Rd1 (36. Rf1 {is no salvation} d2
37. Rxf5+ Kg7 38. Rg5+ Kf6 39. Kb2 d1=Q 40. Rf5+ Kxf5 41. g4+ Ke4 42. a4 Qb3+
43. Kc1 Rd1#) 36... e2 (36... e2 37. Rg1 d2 38. Kb2 d1=Q 39. Rxd1 exd1=Q 40. a4
Qb3+ 41. Kc1 Rd1#) 0-1

[Event "HokkaidoChessCh2023"]
[Site "?"]
[Date "2023.03.26"]
[Round "4.1"]
[White "Kawamura, Takuto"]
[Black "Sugimoto, Koichi"]
[Result "0-1"]
[WhiteElo "1554"]
[BlackElo "1959"]
[Annotator "Fritz 11 SE (30s)"]
[PlyCount "56"]
[SourceDate "2023.03.26"]

{D11: Slav Defence: 3 Nf3 sidelines and 3...Nf6 4 e3 Bg4} 1. d4 d5 2. c4 c6 3.
Nf3 Nf6 4. g3 Bf5 5. Bg2 e6 6. O-O Nbd7 7. Nbd2 h6 8. b3 Bd6 (8... Be7 9. Bb2
O-O 10. Rc1 Ne4 11. Ne1 Ndf6 12. Nb1 Bh7 13. Nd3 Nd7 14. f3 Nd6 15. Re1 Bg5 16.
e3 Nf5 17. Qd2 Re8 18. Rcd1 a5 19. Qf2 a4 20. e4 Nd6 21. cxd5 cxd5 22. Nc3 axb3
23. axb3 {Wanyama,H (2265)-El Gindy,E (2469) Kamwokya 2015 1-0 (46)}) 9. Bb2
Qb8 10. Qc1 O-O 11. Qc3 $146 (11. Ba3 Re8 12. Bxd6 Qxd6 13. Qb2 Ne4 14. Rfd1 a5
15. Rac1 Bh7 16. a3 Red8 17. Ne1 Nxd2 18. Rxd2 b5 19. Nd3 a4 20. c5 Qc7 21. b4
Bxd3 22. Rxd3 f5 23. f3 Nf6 24. Re1 f4 25. gxf4 Qxf4 {Wang,Y (2456)-Wang,H 
(2484) Jinan 2005 0-1 (48)}) 11... b5 12. c5 {White threatens to win material:
c5xd6} Bc7 13. b4 a5 {The typical lever} 14. Nb3 (14. a3 $142 $5 $15 {should
be considered}) 14... Ne4 $17 15. Qe1 axb4 16. Qxb4 Ra4 17. Qe1 Qa8 18. a3 Re8
19. Nh4 Bh7 20. Bh3 $2 (20. Nf3 $142 $17) 20... Rc4 $19 21. Rc1 Qa4 (21... b4
$142 $19 {might be the shorter path}) 22. Rxc4 $4 {the final mistake, not that
it matters anymore} (22. Nd2 Ba5 23. Nhf3 $19) 22... bxc4 (22... Qxc4 $6 23.
Na5 Qc2 24. Bc1 Bxa5 25. Qxa5 $19) (22... Qxb3 $6 {is a useless try} 23. Rb4
Qc2 24. Qd1 Qxd1 25. Rxd1 $11) 23. Nd2 Ba5 (23... c3 $142 {makes sure
everything is clear} 24. Nxe4 cxb2 25. Nc3 Qxd4 26. Nf3 Qxc5 27. Nb1 $19) 24.
Bc1 Ra8 (24... Ng5 {makes it even easier for Black} 25. Bg2 c3 26. e4 cxd2 27.
Bxd2 Bxd2 28. Qxd2 Nxe4 29. Qb4 $19) 25. Nhf3 (25. f4 {a fruitless try to
alter the course of the game} Rb8 $19) 25... c3 (25... Nc3 $5 {and Black can
already relax} 26. Bb2 Nb5 27. Qc1 $19) 26. Nxe4 Bxe4 27. Bg2 (27. Bf4 {
no good, but what else?} c2 28. Qa1 Bxf3 29. exf3 $19) 27... Rb8 28. Qd1 (28.
Kh1 {hoping against hope} Rb1 29. e3 $19) 28... c2 (28... c2 29. Qd3 Bxd3 30.
exd3 Bc3 $19) 0-1